| 000 | 00590nam a22002057a 4500 | ||
|---|---|---|---|
| 003 | DO-SdBNP | ||
| 005 | 20180130114533.0 | ||
| 008 | 171102b ||||| |||| 00| 0 spa d | ||
| 040 |
_aBPMSU _bspa _cBPMSU |
||
| 100 | 1 |
_aPérez Galdós, Benito, _d1843-1920. |
|
| 245 | 1 | 0 |
_aMarianela / _cBenito Pérez Galdós. |
| 260 |
_a[s.l.] : _b[s.n.], _c[s.f.]. |
||
| 300 |
_a185 p. ; _c21 cm. |
||
| 490 | 1 | _aLos clásicos | |
| 500 | _aIncluye notas al pie de las páginas | ||
| 830 | 0 | _aLos clásicos | |
| 942 |
_2ddc _cBK |
||
| 945 | _aInventariado, 2018 /LP | ||
| 956 |
_aBTAVAREZ _b10 _c20171102 _d0038 |
||
| 999 |
_c12749 _d12749 |
||